[Event "Milpitas Silicon Valley op 1st"]
[Site "Milpitas"]
[Date "2021.05.22"]
[Round "1"]
[White "Turner, Jesse A"]
[Black "Stearman, Josiah P"]
[Result "0-1"]
[WhiteElo "1894"]
[BlackElo "2374"]
[PlyCount "74"]
[EventDate "2021.05.22"]
[EventType "swiss"]
[EventRounds "5"]
[EventCountry "USA"]
[SourceTitle "CBM 203 Extra"]
[Source "ChessBase"]
[SourceDate "2021.09.30"]
[SourceVersion "1"]
[SourceVersionDate "2021.09.30"]
[SourceQuality "1"]

1. d4 Nf6 2. Nf3 e6 3. g3 b6 4. Bg2 Bb7 5. 0-0 Be7 6. c4 0-0 7. Nc3 d5 8. Ne5 Nbd7 9. Qa4 c6 10. Rd1 Nxe5 11. dxe5 Nd7 12. cxd5 exd5 13. e4 Nc5 14. Qc2 d4 15. b4 Ne6 16. a3 a5 17. Rb1 axb4 18. axb4 Qc7 19. Ne2 Rfd8 20. f4 Ba6 21. Qd2 d3 22. Nc3 Nd4 23. Kh1 Bc4 24. Bf1 Nb3 25. Qe3 Bxb4 26. Bb2 Bc5 27. Qf3 b5 28. Bxd3 Bxd3 29. Rxd3 Nd2 30. Rxd2 Rxd2 31. e6 b4 32. f5 fxe6 33. fxe6 Rf8 34. Qh5 Rxb2 35. Rxb2 bxc3 36. Rc2 Qd6 37. Kg2 Qxe6 0-1

[Event "Clark Harmon Memorial"]
[Site "Chess.com INT"]
[Date "2020.04.04"]
[Round "?"]
[White "Seshadri, Sridhar"]
[Black "Turner, Jesse A"]
[Result "0-1"]
[WhiteElo "1626"]
[BlackElo "2012"]
[PlyCount "84"]
[EventDate "2020.04.04"]
[EventType "swiss"]
[EventRounds "6"]
[EventCountry "USA"]
[SourceTitle "EXT 2024"]
[Source "ChessBase"]
[SourceDate "2023.10.10"]
[SourceVersion "1"]
[SourceVersionDate "2023.10.10"]
[SourceQuality "1"]

1. d4 d5 2. Nf3 Nf6 3. Bf4 c5 4. e3 Nc6 5. Be2 Qb6 6. b3 Bf5 7. 0-0 e6 8. a4 h6 9. h3 Rc8 10. Bd3 cxd4 11. Bxf5 exf5 12. Nxd4 Nxd4 13. exd4 Bd6 14. Re1+ Kf8 15. Bxd6+ Qxd6 16. Qf3 g6 17. Na3 a6 18. c4 dxc4 19. Nxc4 Qd5 20. Qf4 Rd8 21. Rad1 Kg7 22. Re5 Qd7 23. Rc5 Rhe8 24. Rc7 Qd5 25. f3 b5 26. Rc5 Qxc5 27. dxc5 Rxd1+ 28. Kh2 bxc4 29. Qxc4 a5 30. b4 axb4 31. c6 Rc8 32. a5 Rd6 33. Qxb4 Rcxc6 34. h4 Ra6 35. Qb5 Ra8 36. Kh3 Rda6 37. Qb2 Rxa5 38. g3 Ra2 39. Qe5 Rf2 40. h5 Raa2 41. g4 Rxf3+ 42. Kh4 g5# 0-1

[Event "San Francisco TNM Spring op"]
[Site "San Francisco"]
[Date "2017.04.04"]
[Round "4"]
[White "Malykin, Erika"]
[Black "Turner, Jesse A"]
[Result "0-1"]
[WhiteElo "1567"]
[BlackElo "1904"]
[PlyCount "64"]
[EventDate "2017.03.14"]
[EventType "swiss"]
[EventRounds "8"]
[EventCountry "USA"]
[SourceTitle "EXT 2023"]
[Source "ChessBase"]
[SourceDate "2022.10.05"]
[SourceVersion "1"]
[SourceVersionDate "2022.10.05"]
[SourceQuality "1"]

1. e4 c5 2. Nf3 Nc6 3. Nc3 Nf6 4. Bb5 d6 5. d4 cxd4 6. Qxd4 Bd7 7. Bxc6 Bxc6 8. Bg5 e6 9. Bxf6 Qxf6 10. Qxf6 gxf6 11. a3 Rg8 12. Rg1 f5 13. Nd4 Bxe4 14. Nxe4 fxe4 15. Nb5 Kd7 16. 0-0-0 a6 17. Nc3 f5 18. Na4 Kc6 19. Rd4 d5 20. c4 Bg7 21. cxd5+ exd5 22. Rb4 b5 23. Nc3 Bxc3 24. bxc3 f4 25. Kd2 Rg5 26. g3 a5 27. Rbb1 fxg3 28. Rxg3 Rf5 29. Rf1 Raf8 30. Ke2 Rf3 31. Rxf3 Rxf3 32. Kd2 Kc5 0-1

[Event "San Francisco TNM Spring op"]
[Site "San Francisco"]
[Date "2017.03.14"]
[Round "1"]
[White "Turner, Jesse A"]
[Black "Robertson, Terrance"]
[Result "1-0"]
[WhiteElo "1904"]
[BlackElo "1380"]
[PlyCount "75"]
[EventDate "2017.03.14"]
[EventType "swiss"]
[EventRounds "8"]
[EventCountry "USA"]
[SourceTitle "EXT 2023"]
[Source "ChessBase"]
[SourceDate "2022.10.05"]
[SourceVersion "1"]
[SourceVersionDate "2022.10.05"]
[SourceQuality "1"]

1. b3 d5 2. Bb2 c5 3. e3 Nc6 4. Bb5 Nf6 5. Bxc6+ bxc6 6. Nf3 Bg4 7. h3 Bxf3 8. Qxf3 Qd6 9. d3 e5 10. Nd2 Be7 11. c4 0-0 12. 0-0 Rfd8 13. Rfd1 Rab8 14. Rac1 Rd7 15. Nf1 Rbd8 16. Ng3 Qe6 17. Ba3 d4 18. exd4 cxd4 19. Bb2 c5 20. Re1 a5 21. Rc2 Rb8 22. Rce2 Bd6 23. Nf5 Bc7 24. Ba3 e4 25. Rxe4 Nxe4 26. Rxe4 Qf6 27. Bxc5 Be5 28. Qg4 Rc7 29. Rxe5 h5 30. Qxg7+ Qxg7 31. Nxg7 Kxg7 32. Bd6 Rbb7 33. Bxc7 Rxc7 34. Rxa5 Re7 35. Kf1 f6 36. Rxh5 Kg6 37. Rd5 f5 38. Rxd4 1-0